000 00406cam a2200121 4500500
005 20250921012002.0
041 _afre
042 _adc
100 1 0 _aHeloui, Abdelrazak
_eauthor
245 0 0 _aالقيم إلى أين؟
260 _bL'Académie tunisienne (Beït al-Hikma),
_c2005.
856 4 1 _uhttps://shs.cairn.info/القيم-إلى-أين--9789973490261?lang=fr&redirect-ssocas=7080
999 _c1509699
_d1509699